| 000 | 00607nam a2200205 i 4500 | ||
|---|---|---|---|
| 001 | 146062 | ||
| 003 | ES-MaACL | ||
| 005 | 20250319063310.0 | ||
| 007 | t| | ||
| 008 | 071019s1970 sp ||||1| spa d | ||
| 100 |
_aVelarde Fuertes, Juan, _9236903 _d1927-2023 |
||
| 245 | 1 | 0 |
_aGibraltar y su campo _b: una economía deprimida / _cJuan Velarde Fuertes. |
| 260 |
_aBarcelona : _bAriel, _c[1970] |
||
| 300 |
_a256 p. ; _c22 cm. |
||
| 490 | 1 | _aHoras de España | |
| 830 | 0 |
_aHoras de España _9180399 |
|
| 852 |
_aES-MaACL _jC-38373 _bR.72995 |
||
| 942 | _2udc | ||
| 999 |
_c146062 _d146062 |
||